| 000 | 01007cam a22002535a 4500 | ||
|---|---|---|---|
| 999 |
_c665 _d665 |
||
| 005 | 20190427101647.0 | ||
| 008 | 190427t2005 paua frb 001 0 eng d | ||
| 010 | _a2004003760 | ||
| 020 | _a1591405017 (pbk.) | ||
| 020 | _a9781591405016 (pbk.) | ||
| 040 |
_aEG-ScBUE _beng _cEG-ScBUE _dEG-ScBUE |
||
| 082 | 0 | 4 |
_a371.334 _bLIN _222 |
| 100 | 1 |
_aLin, Fuhua Oscar, _d1962- |
|
| 245 | 0 | 0 |
_aDesigning distributed learning environments with intelligent software agents / _cFuhua Oscar Lin. |
| 260 |
_aHershey, PA ; _aLondon : _bInformation Science Pub. / Idea Group Inc., _cc.2005. |
||
| 300 |
_axiii, 311 p. : _bill. ; _c27 cm. |
||
| 504 | _aIncludes bibliographical references and index. | ||
| 650 | 7 |
_aIntelligent tutoring systems. _2BUEsh |
|
| 650 | 7 |
_aArtificial intelligence _xEducational applications. _2BUEsh |
|
| 650 | 7 |
_aIntelligent agents (Computer software) _2BUEsh |
|
| 651 | _2BUEsh | ||
| 653 |
_bCOMSCI _cApril2019 |
||
| 856 | 4 | 1 |
_3Table of contents _uhttp://www.loc.gov/catdir/toc/ecip0415/2004003760.html |